[Event "AUT-chT2O 9596"]
[Site "AUT"]
[Date "1995.??.??"]
[Round "5"]
[White "Ribli, Zoltan"]
[Black "Banas, Jan"]
[Result "1-0"]
[WhiteElo "2590"]
[BlackElo "2370"]

1.c4 Nf6 2.Nc3 g6 3.g3 Bg7 4.Bg2 O-O 5.e4 c5 6.Nge2 Nc6 7.d3 d6 8.O-O Ne8
9.Be3 Nc7 10.d4 cxd4 11.Nxd4 Bd7 12.b3 Nxd4 13.Bxd4 Bc6 14.Rc1 b6 15.Bxg7 Kxg7
16.Qd2 Ne6 17.f4 f6 18.Rf2 Rc8 19.Rd1 Nc5 20.Qe3 Qc7 21.Nd5 Bxd5 22.exd5 Rfe8
23.Bh3 Rb8 24.b4 Nd7 25.Rc1 a5 26.a3 f5 27.g4 fxg4 28.Bxg4 Nf6 29.Be6 axb4
30.axb4 b5 31.c5 dxc5 32.Rxc5 Qa7 33.Kg2 Red8 34.Rfc2 Rd6 35.Qe5 Qb6 36.Rc6 Qd8
37.Rc8 Rxe6 38.Rxd8 Rxe5 39.Rxb8 Rxd5 40.Re2 Kf7 41.Rb7 Nd7 42.Kf2 Kf6 43.Ke1 Rd4
44.Re3 e6 45.Ke2 Nf8 46.Rd3 Rxf4 47.Rd8  1-0

[Event "HUN-chT1"]
[Site "HUN"]
[Date "1995.??.??"]
[Round "?"]
[White "Ribli, Zoltan"]
[Black "Sherzer, Alex"]
[Result "1-0"]
[WhiteElo "2600"]
[BlackElo "2490"]

1.Nf3 Nf6 2.g3 d5 3.Bg2 Bf5 4.d3 e6 5.O-O Be7 6.c4 c6 7.b3 O-O 8.Bb2 Nbd7
9.Nbd2 a5 10.a3 h6 11.Qc2 Bh7 12.Bc3 b5 13.cxb5 cxb5 14.Qb2 Qb6 15.b4 axb4
16.axb4 Rfc8 17.Rxa8 Rxa8 18.Nb3 Bd6 19.Ra1 Re8 20.Bd4 Qb8 21.Bc5 e5 22.Ra6 Nxc5
23.bxc5 Bc7 24.d4 e4 25.Ne5 Bxe5 26.dxe5 Nd7 27.Qd4 Nxe5 28.Qxd5 Nc4 29.Bh3 e3
30.f3 Rd8 31.Bd7 Qc7 32.Ra8 Bc2 33.Bf5  1-0

[Event "HUN-chT1"]
[Site "HUN"]
[Date "1995.??.??"]
[Round "?"]
[White "Fogarasi, Tibor"]
[Black "Ribli, Zoltan"]
[Result "1/2-1/2"]
[WhiteElo "2500"]
[BlackElo "2600"]

1.e4 c5 2.Nf3 d6 3.d4 cxd4 4.Nxd4 Nf6 5.Nc3 a6 6.Be3 e6 7.f3 b5 8.g4 h6 9.Qd2 Nbd7
10.O-O-O Bb7 11.h4 b4 12.Nce2 d5 13.Bh3 dxe4 14.g5 hxg5 15.hxg5 exf3 16.Nf4 Ne4
17.Qe1 Rxh3 18.Nxh3 e5 19.Nb3 a5 20.Nd2 Qc7 21.Bb6 Nxb6 22.Nxe4 Rc8 23.Rh2 Qc6
24.Ng3 Qe6 25.Kb1 Nc4 26.Nf2 Nxb2 27.Kxb2 Rxc2+ 28.Kxc2 Qxa2+ 29.Kc1 Qa1+
30.Kc2 b3+ 31.Kxb3 a4+ 32.Kc2 Qa2+ 33.Kd3 Qd5+ 34.Kc2 Qb3+ 35.Kc1 Ba3+ 36.Kd2 Qb4+
37.Kc2 Qb2+ 38.Kd3 Qd4+ 39.Kc2 Qb2+ 40.Kd3 Qb5+ 41.Kc2 Qb2+ 42.Kd3 Qb5+ 43.Kc2 Qb3+
44.Kd2 Bb4+ 45.Kc1 Qc4+ 46.Kb1 Qb3+ 47.Kc1 Qa3+ 48.Kb1  1/2-1/2

[Event "HUN-chT1"]
[Site "HUN"]
[Date "1995.??.??"]
[Round "?"]
[White "Dao Thien Hai"]
[Black "Ribli, Zoltan"]
[Result "1/2-1/2"]
[WhiteElo "2480"]
[BlackElo "2600"]

1.d4 d5 2.c4 c6 3.Nf3 Nf6 4.Nc3 dxc4 5.a4 Bf5 6.e3 e6 7.Bxc4 Bb4 8.O-O O-O
9.Qe2 Nbd7 10.e4 Bg6 11.Bd3 h6 12.Rd1 a6 13.e5 Nd5 14.Ne4 Rc8 15.Bd2 Be7
16.Nc3 Re8 17.Nxd5 cxd5 18.Rdc1 Nf8 19.Bxg6 fxg6 20.Qd3 Qd7 21.b3  1/2-1/2

[Event "HUN-chT1 9596"]
[Site "HUN"]
[Date "1995.??.??"]
[Round "3"]
[White "Ribli, Zoltan"]
[Black "Chernin, Alexander"]
[Result "1/2-1/2"]
[WhiteElo "2600"]
[BlackElo "2600"]

1.Nf3 d5 2.d4 c6 3.c4 Nf6 4.Nc3 e6 5.Bg5 h6 6.Bxf6 Qxf6 7.g3 Nd7 8.Bg2 dxc4
9.O-O Be7 10.e3 O-O 11.Nd2 Nb6 12.f4 Qf5 13.Kh1 Rd8 14.Qe2 Qd3 15.Qf2 Qf5
16.Rae1 Qa5 17.g4 h5 18.g5 g6 19.e4 Na4 20.Nf3  1/2-1/2

[Event "AUT-chT9697"]
[Site "Austria"]
[Date "1996.??.??"]
[Round "4"]
[White "Casagrande, Harald"]
[Black "Ribli, Zoltan"]
[Result "0-1"]
[WhiteElo "2365"]
[BlackElo "2585"]

1.d4 Nf6 2.Bg5 e6 3.Nf3 h6 4.Bxf6 Qxf6 5.c3 d6 6.Nbd2 Nd7 7.e4 Qd8 8.Bd3 Be7
9.Qe2 c6 10.e5 d5 11.O-O c5 12.c4 dxc4 13.Bxc4 cxd4 14.Nxd4 O-O 15.Rfd1 Nxe5
16.Nxe6 Bxe6 17.Bxe6 Nc6 18.Nb3 Qb6 19.Bd5 Bf6 20.Rac1 Nb4 21.Bc4 Rae8 22.Qf3 Nxa2
23.Rc2 Nb4 24.Rcd2 Nc6 25.Rd6 Ne5 26.Qg3 Rd8 27.Rxd8 Rxd8 28.Rxd8+ Qxd8 29.Bf1 Nc6
30.Nc5 Bxb2 31.Nxb7 Qb6 32.Nd6 Be5 33.Qa3 Qb8 34.Nf5 Bxh2+ 35.Kh1 Be5 36.Qc5 Qb1
37.Ne3 Qg6 38.g3 Bd4 39.Qc1 Ne5 40.Qc8+ Kh7 41.Bh3 Qe4+ 42.Bg2 Qb1+ 43.Kh2 Bxe3
44.Qf5+ Qxf5  0-1

[Event "AUT-chT9697"]
[Site "Austria"]
[Date "1996.??.??"]
[Round "5"]
[White "Ribli, Zoltan"]
[Black "Zsinka, Laszlo"]
[Result "1-0"]
[WhiteElo "2585"]
[BlackElo "2325"]

1.c4 c5 2.Nf3 Nf6 3.Nc3 e6 4.e3 d5 5.cxd5 exd5 6.d4 Nc6 7.Be2 a6 8.O-O Be7
9.dxc5 Bxc5 10.b3 O-O 11.Bb2 Be6 12.Rc1 Bd6 13.Nd4 Rc8 14.Na4 Ne7 15.Rxc8 Bxc8
16.Qd3 Bd7 17.Rc1 Ne4 18.f3 Bxa4 19.fxe4 Bd7 20.Nf3 f6 21.exd5 Bb5 22.Qd2 Bd7
23.Bd3 Re8 24.Qc2 h6 25.e4 Kh8 26.Rf1 Rf8 27.Nd4 Qb8 28.h3 Be5 29.Nf3 Bd6
30.Qd2 Bb5 31.Rd1 Rd8 32.Bb1 Bd7 33.Qe2 Ng6 34.e5 Nxe5 35.Nxe5 Bxe5 36.Qe4 Bh2+
37.Kh1 f5 38.Qe7 Rg8 39.Qxd7 Be5  1-0

[Event "AUT-chT9697"]
[Site "Austria"]
[Date "1996.??.??"]
[Round "11"]
[White "Ribli, Zoltan"]
[Black "Donev, Ivo Hristov"]
[Result "1/2-1/2"]
[WhiteElo "2585"]
[BlackElo "2420"]

1.c4 e6 2.g3 d5 3.Bg2 Nf6 4.Nf3 Be7 5.O-O O-O 6.d4 dxc4 7.Qc2 a6 8.a4 Bd7
9.Qxc4 Bc6 10.Bg5 Bd5 11.Qc2 Be4 12.Qd1 c5 13.Nbd2 Bc6 14.dxc5 Bxc5 15.Nb3 Be7
16.Qxd8 Rxd8 17.Na5 Bd5 18.Ne5 Bxg2 19.Kxg2 Nbd7 20.Nd3 h6 21.Bf4 g5 22.Nxb7 gxf4
23.Nxd8 Rxd8 24.gxf4 a5 25.Rac1 Nb6 26.Rc7 Rd7 27.Rxd7 Nfxd7 28.b3 Nc5 29.Ne5 Nd5
30.Nc6 Nxb3 31.Nxe7+ Nxe7 32.Rb1 Nd4 33.e3 Ndc6 34.Rb5 f5 35.Kf3 Kf7 36.Ke2 Kg6
37.Kd3 Kh5 38.Rb7 Kg4 39.Rd7 e5 40.Rd6 h5 41.fxe5 Nxe5+ 42.Kd4 N5c6+ 43.Kc5 Kf3
44.Rh6 Kxf2 45.Rxh5 Kxe3 46.Rxf5 Nxf5 47.Kxc6 Kd4 48.Kb5 Nh4 49.Kxa5 Kc5
50.Ka6 Kc6 51.Ka5 Kc5 52.Ka6 Kc6 53.Ka5 Kc5  1/2-1/2

[Event "AUT-chT2O 9596"]
[Site "AUT"]
[Date "1996.??.??"]
[Round "8"]
[White "Ribli, Zoltan"]
[Black "Weiss, Christian"]
[Result "1-0"]
[WhiteElo "2590"]
[BlackElo "2290"]

1.Nf3 Nf6 2.c4 c5 3.Nc3 g6 4.g3 Bg7 5.Bg2 O-O 6.d4 cxd4 7.Nxd4 Nc6 8.O-O Nxd4
9.Qxd4 d6 10.Qd3 Be6 11.Bxb7 Rb8 12.Bg2 Qa5 13.b3 Rxb3 14.axb3 Qxa1 15.Nb5 Qa2
16.Nd4 Bd7 17.Bd2 Rb8 18.Bc3 Qa6 19.Ra1 Qb6 20.Ra3 Ng4 21.e3 Qc5 22.Ra5 Qb6
23.h3 Ne5 24.Qd2 a6 25.Qa2 Bc8 26.b4 Qc7 27.c5 Nd3 28.Qc4 dxc5 29.Nc6 Nxb4
30.Nxb8 Qxa5 31.Nc6 Qb5 32.Qxb5 axb5 33.Bxb4  1-0

[Event "AUT-chT2O 9596"]
[Site "AUT"]
[Date "1996.??.??"]
[Round "9"]
[White "Krizsany, Laszlo"]
[Black "Ribli, Zoltan"]
[Result "1/2-1/2"]
[WhiteElo "2430"]
[BlackElo "2590"]

1.d4 d5 2.c4 c6 3.Nc3 Nf6 4.Nf3 dxc4 5.a4 Bf5 6.e3 e6 7.Bxc4 Bb4 8.O-O Nbd7
9.Nh4 O-O 10.Nxf5 exf5 11.Qc2 g6 12.f3 Rc8 13.Rd1 Qe7  1/2-1/2

[Event "Bundesliga 9596"]
[Site "Germany"]
[Date "1996.??.??"]
[Round "?"]
[White "Ribli, Zoltan"]
[Black "Rogers, Ian"]
[Result "0-1"]
[WhiteElo "2590"]
[BlackElo "2600"]

1.Nf3 c5 2.c4 Nc6 3.d4 cxd4 4.Nxd4 g6 5.e4 Bg7 6.Be3 Nf6 7.Nc3 Ng4 8.Qxg4 Nxd4
9.Qd1 Ne6 10.Rc1 Qa5 11.Be2 b6 12.Qd5 Qxd5 13.cxd5 Nd4 14.Bc4 Bb7 15.Kd2 e6
16.Rhd1 Rc8 17.b3 O-O 18.Kd3 exd5 19.Nxd5 Nc6 20.f4 Rfe8 21.Bd2 Nd4 22.Be3 Ne6
23.b4 f5 24.exf5 gxf5 25.Bb3 Kf8 26.g3 Ba6+ 27.Bc4 Rxc4 28.Rxc4 Rc8 29.Rc1 Rc6
30.a4 Rd6 31.b5 Bb7 32.Ke2 Bxd5 33.Rc8+ Kf7 34.a5 bxa5 35.Bxa7 Bd4 36.Bxd4 Nxd4+
37.Ke3 Nxb5 38.Rh8 a4 39.Rxh7+ Kg6 40.Rh8  0-1

[Event "HUN-chT1 9596"]
[Site "HUN"]
[Date "1996.??.??"]
[Round "9"]
[White "Ribli, Zoltan"]
[Black "Almasi, Zoltan"]
[Result "1/2-1/2"]
[WhiteElo "2600"]
[BlackElo "2590"]

1.Nf3 Nf6 2.c4 e6 3.g3 b6 4.Bg2 Bb7 5.O-O Be7 6.Nc3 O-O 7.d4 Ne4 8.Qc2 Nxc3
9.Qxc3 c5 10.Rd1 cxd4 11.Nxd4 Bxg2 12.Kxg2 Qc8 13.b3 Nc6  1/2-1/2

[Event "HUN-chT1 9697"]
[Site "Hungary"]
[Date "1996.??.??"]
[Round "1"]
[White "Ribli, Zoltan"]
[Black "Szekely, Peter"]
[Result "1/2-1/2"]
[WhiteElo "2590"]
[BlackElo "2435"]

1.d4 Nf6 2.c4 g6 3.Nc3 Bg7 4.e4 d6 5.Nf3 O-O 6.h3 e5 7.d5 a5 8.Be3 Nfd7 9.g4 Nc5
10.Rg1 Nba6 11.Qd2 c6  1/2-1/2

[Event "HUN-chT1 9697"]
[Site "Hungary"]
[Date "1996.??.??"]
[Round "3"]
[White "Ribli, Zoltan"]
[Black "Szuk, Balazs"]
[Result "1-0"]
[WhiteElo "2590"]
[BlackElo "2340"]

1.Nf3 Nf6 2.g3 g6 3.b3 Bg7 4.Bb2 b6 5.d4 Bb7 6.c4 O-O 7.Bg2 d5 8.O-O Na6
9.cxd5 Nxd5 10.e4 Nf6 11.e5 Nd5 12.Qe2 c5 13.Nbd2 Rc8 14.Rfd1 Nab4 15.Nc4 b5
16.a3 bxc4 17.bxc4 Na6 18.dxc5 Rxc5 19.cxd5 Rxd5 20.Rxd5 Qxd5 21.Rd1 Qa2
22.h4 Rb8 23.Rd2 Nc5 24.Kh2 Ba6 25.Qe3 Qc4 26.Bc3 Rc8 27.Bb4 e6 28.Ne1 Bf8
29.Rc2 Qb5 30.Qc1 Qb6 31.Qe3 Qb5 32.h5 Rc7 33.h6 Rc8 34.Qf4 Qb6 35.Qf6 Bxh6
36.Nf3 Bg7 37.Qe7 Bf8 38.Qh4 Qb5 39.Ng5 h5 40.Qf4 Rc7 41.Bxc5 Bxc5 42.Ne4 Bb6
43.a4 Qa5 44.Nf6+ Kg7 45.Ne8+ Kf8 46.Nd6 Bc5 47.Qf6  1-0

[Event "HUN-chT1 9697"]
[Site "Hungary"]
[Date "1996.??.??"]
[Round "5"]
[White "Ribli, Zoltan"]
[Black "Chernin, Alexander"]
[Result "1/2-1/2"]
[WhiteElo "2590"]
[BlackElo "2595"]

1.Nf3 d5 2.d4 c6 3.c4 Nf6 4.Nc3 e6 5.Bg5 dxc4 6.e4 b5 7.a4 Bb7 8.axb5 cxb5
9.Nxb5 Bxe4 10.Bxc4 Bb4+ 11.Nc3 O-O 12.O-O Bb7 13.Ne5 a5 14.Rc1 Nc6 15.Bxf6 gxf6
16.Nxc6 Bxc6 17.d5 Bxc3 18.Rxc3 Bxd5 19.Rd3 Qc7 20.Bxd5 exd5 21.Rh3 f5 22.Qxd5 Qf4
23.Qd1 Ra6 24.Qh5 h6 25.Rf3 Qe5 26.Rxf5 Qxb2 27.Rxa5 Rxa5 28.Qxa5 Rc8 29.h3 Qd4
30.Qh5 Kg7 31.Rd1 Qf4  1/2-1/2

[Event "Koszalin op"]
[Site "Koszalin"]
[Date "1996.??.??"]
[Round "1"]
[White "Ribli, Zoltan"]
[Black "Nielsen, Jan"]
[Result "1-0"]
[WhiteElo "2590"]
[BlackElo "2250"]

1.Nf3 c5 2.c4 Nc6 3.Nc3 g6 4.e3 Bg7 5.d4 cxd4 6.exd4 d6 7.Be2 Nf6 8.O-O O-O
9.d5 Nb8 10.Be3 Nbd7 11.Nd4 Ne5 12.h3 Ned7 13.Re1 Re8 14.Qc2 Nf8 15.Rad1 Bd7
16.b4 Qc8 17.Bf1 h6 18.f4 N8h7 19.Qd2 h5 20.a3 a5 21.b5 Nf8 22.Na4 Qc7 23.Bf2 Rab8
24.Nb3 b6 25.Nd4 Rb7 26.Nb3 Bf5 27.Bd3 Bxd3 28.Qxd3 N8h7 29.Re2 Bf8 30.Rde1 Kg7
31.Bd4 Kh6 32.g4 g5 33.Bxf6 Nxf6 34.fxg5+ Kxg5 35.h4+ Kxh4 36.Rh2+ Kg5 37.Qf5+ Kh6  1-0

[Event "Koszalin op"]
[Site "Koszalin"]
[Date "1996.??.??"]
[Round "5"]
[White "Ribli, Zoltan"]
[Black "Urban, Klaudiusz"]
[Result "1/2-1/2"]
[WhiteElo "2590"]
[BlackElo "2440"]

1.c4 g6 2.e4 Bg7 3.d4 d6 4.Nc3 Nf6 5.Nf3 O-O 6.Be2 e5 7.d5 a5 8.Bg5 h6 9.Be3 Ng4
10.Bc1 Na6 11.h3 Nf6 12.Be3 Nc5 13.Nd2 Nh7 14.h4 h5 15.Qc2 Bd7 16.Nb3 Nxb3
17.axb3 b6 18.Bd3 f5 19.f3  1/2-1/2

[Event "Koszalin op"]
[Site "Koszalin"]
[Date "1996.??.??"]
[Round "7"]
[White "Ribli, Zoltan"]
[Black "Gorbatow, Alexej"]
[Result "1-0"]
[WhiteElo "2590"]
[BlackElo "2430"]

1.Nf3 d5 2.d4 Bf5 3.c4 e6 4.Nc3 c6 5.Qb3 Qb6 6.c5 Qc7 7.Bf4 Qc8 8.e3 Nd7
9.Qd1 Ngf6 10.b4 a6 11.h3 Be7 12.Be2 Be4 13.O-O Bxf3 14.Bxf3 O-O 15.a4 Bd8
16.b5 Ba5 17.Qb3 Re8 18.Rab1 axb5 19.axb5 e5 20.Bh2 exd4 21.exd4 Bxc3 22.Qxc3 Ne4
23.Bxe4 Rxe4 24.Bd6 Ra4 25.Rfd1 h6 26.Rb4 Ra2 27.bxc6 bxc6 28.Rdb1 Qa6 29.Qf3 Ra1
30.Rxa1 Qxa1+ 31.Kh2 Qa6 32.Qf5 Re6 33.Rb3 g6 34.Qg4 Kh7 35.Qf3 f5 36.Qg3 Kg7
37.Re3 Re4 38.Rxe4 dxe4 39.Qh4 g5 40.Qh5 Qa2 41.Qe8 Nf6 42.Qe7+ Kg6 43.Be5 Ng8
44.Qg7+ Kh5 45.Qd7 Qxf2 46.Bg3  1-0

[Event "AUT-chT qual"]
[Site "Vienna"]
[Date "1996.??.??"]
[Round "3"]
[White "Ftacnik, Lubomir"]
[Black "Ribli, Zoltan"]
[Result "1/2-1/2"]
[WhiteElo "2525"]
[BlackElo "2590"]

1.c4 c5 2.Nf3 Nc6 3.Nc3 Nf6 4.g3 d5 5.cxd5 Nxd5 6.Bg2 Nc7 7.O-O e5 8.b3 Be7
9.Bb2 O-O 10.Rc1 b6 11.Ne1 Qd6 12.b4 Nxb4 13.Bxa8 Nxa8 14.f3 Nc7 15.Nc2 Nc6
16.d3 Rd8 17.Qe1 Bh3 18.Rf2 h5 19.Rd1 Qg6 20.e4 Nb4 21.Nxb4 cxb4 22.Ne2 Bc5
23.Bxe5 Bxf2+ 24.Kxf2 Na6 25.Nf4 Qh6 26.Nxh3 Qe6 27.Bxg7 Qxh3 28.Bf6 Qxh2+
29.Ke3 Rc8 30.Rd2 Qh3 31.Qg1 Qe6 32.e5 Nc7 33.g4 Nd5+ 34.Kf2 hxg4 35.Bh4 Qf5
36.Qxg4+ Qxg4 37.fxg4 Kh7 38.Kf3 Kg6 39.d4  1/2-1/2

[Event "MK Cafe op-A"]
[Site "Koszalin"]
[Date "1997.08.04"]
[Round "2"]
[White "Ribli, Zoltan"]
[Black "Anisheva, Varvara"]
[Result "1-0"]
[WhiteElo "2570"]
[BlackElo "2285"]

1.Nf3 Nf6 2.g3 g6 3.b3 Bg7 4.Bb2 d6 5.d4 O-O 6.Bg2 Bd7 7.O-O Nc6 8.c4 a6
9.Nbd2 b5 10.d5 Na5 11.Nd4 Rb8 12.Qc2 e5 13.dxe6 fxe6 14.cxb5 axb5 15.b4 Nb7
16.Nc6 Bxc6 17.Qxc6 Qe7 18.Rac1 d5 19.Bh3 Kh8 20.Bxf6 Bxf6 21.Qxe6 Qxb4 22.Qxd5 Qd6
23.Qxd6 cxd6 24.Ne4 Be5 25.Rfd1 Rfe8 26.e3 Ra8 27.Bd7 Reb8 28.Be6 b4 29.Bd5 Ra6
30.Rc7 Nd8 31.Ng5 Bg7 32.Rd7  1-0

[Event "MK Cafe op-A"]
[Site "Koszalin"]
[Date "1997.08.04"]
[Round "3"]
[White "Pioch, Zygmunt"]
[Black "Ribli, Zoltan"]
[Result "0-1"]
[WhiteElo "2285"]
[BlackElo "2570"]

1.e4 c5 2.Nf3 d6 3.d4 cxd4 4.Nxd4 Nf6 5.Nc3 a6 6.Bg5 e6 7.f4 Qb6 8.Nb3 Nbd7
9.Qf3 Be7 10.O-O-O Qc7 11.Bd3 b5 12.g4 Bb7 13.Rhe1 Rc8 14.Rd2 b4 15.Bxf6 Nxf6
16.Ne2 d5 17.e5 Ne4 18.Bxe4 dxe4 19.Qe3 a5 20.Kb1 O-O 21.Ng3 a4 22.Nd4 a3
23.b3 Rfd8 24.Nge2 Bc5 25.Rc1 Ba6 26.Rcd1 Bxe2 27.Rxe2 Rxd4 28.Rxd4 Bxd4
29.Qxd4  0-1

[Event "MK Cafe op-A"]
[Site "Koszalin"]
[Date "1997.08.06"]
[Round "5"]
[White "Zaitsev, Igor A"]
[Black "Ribli, Zoltan"]
[Result "1/2-1/2"]
[WhiteElo "2475"]
[BlackElo "2570"]

1.e4 c5 2.Nf3 e6 3.Nc3 a6 4.g3 Nc6 5.Bg2 Nf6 6.O-O d6 7.d4 cxd4 8.Nxd4 Bd7
9.Nxc6 Bxc6 10.Bf4 Be7 11.e5  1/2-1/2

[Event "MK Cafe op-A"]
[Site "Koszalin"]
[Date "1997.08.07"]
[Round "6"]
[White "Ribli, Zoltan"]
[Black "Macieja, Bartlomiej"]
[Result "1/2-1/2"]
[WhiteElo "2570"]
[BlackElo "2470"]

1.c4 Nf6 2.Nc3 d5 3.cxd5 Nxd5 4.g3 g6 5.Bg2 Nxc3 6.bxc3 Bg7 7.Rb1 Nd7 8.Nf3 O-O
9.O-O Nb6 10.Ng5 Rb8 11.Qb3 h6 12.Ne4 Be6 13.Qa3 Bg4 14.Re1 Bxe2 15.Nc5 Bd3
16.Nxd3 Qxd3 17.Be4 Qd7 18.Bg2 Qd3 19.Be4 Qd6 20.Qxa7 Qe6 21.Bb2 Nc4 22.Bd3 Qc6
23.Bxc4 Qxc4 24.Ba1 e6 25.Rxb7 Rxb7 26.Qxb7 Qxa2 27.Bb2 Qc4 28.d4 h5 29.h4 Rd8
30.Ra1 Bf8 31.Ra7 Kg7 32.Kg2 Bd6 33.Ba3 Qxc3 34.Bxd6 Rxd6 35.Qxc7 Qxc7 36.Rxc7 Rxd4
37.Ra7 Rd3 38.Ra6 Rd7 39.Kf3 Rb7 40.Kg2 Kf6 41.Kf3 Kf5 42.Ra5+ e5 43.Rc5 f6
44.Ra5 Rb3+ 45.Kg2 Rd3 46.Rb5 Ke6 47.Rb6+ Rd6 48.Rb4 Rd5 49.Ra4 Kf5 50.Kf3 Rd3+
51.Kg2 e4 52.Ra5+ Ke6 53.Ra6+ Ke5 54.Ra5+ Rd5 55.Ra2 Kf5 56.Rb2 g5 57.hxg5 Kxg5
58.Rb8 Rd2 59.Re8 Kf5 60.Re7 h4 61.gxh4 Kf4 62.Re6 f5 63.h5 Kg5 64.h6 Rd7
65.Kg3 Rh7 66.f4+ exf3 67.Kxf3  1/2-1/2

[Event "MK Cafe op-A"]
[Site "Koszalin"]
[Date "1997.08.08"]
[Round "7"]
[White "Pedzich, Dominik"]
[Black "Ribli, Zoltan"]
[Result "1/2-1/2"]
[WhiteElo "2465"]
[BlackElo "2570"]

1.e4 c5 2.Nf3 e6 3.b3 b6 4.Bb2 Bb7 5.Qe2 d6 6.g3 Nf6 7.d3 Be7 8.Bg2 Nc6 9.O-O O-O
10.c4 a6 11.Nbd2 Nd7 12.d4 cxd4 13.Nxd4 Nxd4 14.Bxd4 Qc7 15.Rfd1 Rac8 16.Bb2 Rfd8
17.Nf1 Qb8 18.Rd2 Qa8 19.f3 Bf8 20.Ne3 Bc6 21.Rad1 b5 22.Ba3 Nc5 23.Bxc5 dxc5
24.Rxd8 Rxd8 25.Rxd8 Qxd8 26.e5 bxc4 27.bxc4 Qd4 28.f4 Ba4 29.h4 Be7 30.Kh2 g6
31.Bf3 Kg7 32.Nf1 Qc3 33.Ne3 f6 34.exf6+ Bxf6 35.Ng4 h5 36.Ne5 Bc2 37.Be4 Bxe4
38.Qxe4 Bxe5 39.fxe5 Qb2+ 40.Kh3 Qxa2 41.Qb7+ Kh6  1/2-1/2

[Event "MK Cafe op-A"]
[Site "Koszalin"]
[Date "1997.08.11"]
[Round "10"]
[White "Ribli, Zoltan"]
[Black "Schmidt, Wlodzimierz"]
[Result "1-0"]
[WhiteElo "2570"]
[BlackElo "2440"]

1.Nf3 Nf6 2.d4 g6 3.Bf4 Bg7 4.e3 O-O 5.Be2 d6 6.h3 c5 7.c3 cxd4 8.exd4 Nd5
9.Bg3 Bh6 10.O-O Nf4 11.Re1 Qc7 12.Na3 Nc6 13.Bf1 Bd7 14.d5 Ne5 15.Re4 Nxf3+
16.Qxf3 Nxd5 17.Rh4 Bg5 18.Qxd5 Bxh4 19.Bxh4 Bc6 20.Qd2 d5 21.Re1 Rfe8 22.Nc2 f6
23.Qh6 Qd6 24.Bd3 f5 25.Bxf5 gxf5 26.Re6 Qd7 27.Nd4  1-0

[Event "EUCup Gr3"]
[Site "Slough"]
[Date "1997.09.23"]
[Round "2"]
[White "Ribli, Zoltan"]
[Black "Van Mil, Johannes A J"]
[Result "1-0"]
[WhiteElo "2570"]
[BlackElo "2420"]

1.c4 g6 2.Nc3 Bg7 3.g3 e5 4.Bg2 Nc6 5.e4 d6 6.d3 f5 7.Nge2 Nf6 8.O-O O-O
9.Nd5 Be6 10.Bg5 Qd7 11.Qd2 Nh5 12.exf5 Bxf5 13.b4 Kh8 14.b5 Nd8 15.a4 c6
16.bxc6 bxc6 17.Ndc3 Ne6 18.Be3 Nf6 19.f3 Nc5 20.Rad1 Rab8 21.g4 Nb3 22.Qe1 Be6
23.h3 d5 24.d4 exd4 25.Nxd4 Nxd4 26.Bxd4 Rfe8 27.Qf2 Rb4 28.cxd5 Nxd5 29.Ne4 Bxd4
30.Rxd4 Rxd4 31.Qxd4+ Qg7 32.Qc5 Nf4 33.Qxc6 Qd4+ 34.Kh1 Rc8 35.Qb5 Rf8 36.Rc1 Bd5
37.Qd7 Qg7 38.Qd6 Bxe4 39.Rc7 Qf6 40.Qd7 Qa1+ 41.Kh2  1-0

[Event "AUT-chT 9798"]
[Site "Austria"]
[Date "1997.11.07"]
[Round "3"]
[White "Ribli, Zoltan"]
[Black "Groszpeter, Attila"]
[Result "1-0"]
[WhiteElo "2570"]
[BlackElo "2530"]

1.Nf3 Nf6 2.c4 g6 3.g3 Bg7 4.Bg2 O-O 5.O-O d6 6.Nc3 c6 7.d4 Nbd7 8.e4 e5
9.h3 exd4 10.Nxd4 Qb6 11.Re1 Re8 12.Nc2 Qc7 13.b3 b6 14.Ba3 Nc5 15.b4 Nfd7
16.e5 Rxe5 17.bxc5 bxc5 18.Nb5 cxb5 19.Bxa8 Nb6 20.Bg2 Nxc4 21.Rxe5 Bxe5
22.Rb1 Bf5 23.Bc1 Qa5 24.Bh6 Nb6 25.g4 Be6 26.f4 Bg7 27.Bxg7 Kxg7 28.Ne3 Bxa2
29.Ra1 Qc3 30.Rxa2 Qxe3+ 31.Kh1 Qxf4 32.Rxa7 Nc4 33.Qf3 Qxf3 34.Bxf3 Kf6
35.Kg1 b4 36.Kf2 Ke6 37.g5 Ne5 38.Be4 b3 39.Rb7 c4 40.Ke3 f5 41.gxf6 Kxf6
42.Kd4 Kg5 43.Rxh7 Kf4 44.Rb7 Kg3 45.Rb6  1-0

[Event "AUT-chT 9798"]
[Site "Austria"]
[Date "1997.11.09"]
[Round "5"]
[White "Ribli, Zoltan"]
[Black "Dizdar, Goran"]
[Result "1/2-1/2"]
[WhiteElo "2570"]
[BlackElo "2545"]

1.Nf3 Nf6 2.c4 e6 3.Nc3 Bb4 4.Qc2 c5 5.g3 O-O 6.Bg2 Nc6 7.O-O d6 8.d3 h6
9.e3 Qe7 10.b3 Bd7 11.Bb2 Rac8 12.Rac1 Rfd8 13.a3 Ba5 14.d4 cxd4 15.exd4 Bxc3
16.Qxc3 d5 17.Qe3 dxc4 18.bxc4 Na5 19.Ne5 b5 20.cxb5 Bxb5 21.Rxc8 Rxc8 22.Rc1 Rxc1+
23.Qxc1 Nd5 24.Qc8+ Qf8 25.Qc2 Qe7 26.a4 Ba6 27.Be4 Nf6 28.Bf3 Bb7 29.Be2 Qd6
30.Qc5 Qxc5 31.dxc5 Ne4 32.Bd4 f6 33.Nd3 e5 34.Bb2 Ba6 35.c6 Nxc6 36.Nxe5 Bxe2
37.Nxc6 a6 38.Nd4  1/2-1/2

[Event "Maroczy mem"]
[Site "Szeged"]
[Date "1997.11.14"]
[Round "1"]
[White "Ribli, Zoltan"]
[Black "Sax, Gyula"]
[Result "1/2-1/2"]
[WhiteElo "2570"]
[BlackElo "2570"]

1.c4 Nf6 2.d4 e6 3.Nf3 b6 4.g3 Bb7 5.Bg2 Be7 6.O-O O-O 7.Nc3 Ne4 8.Qc2 Nxc3
9.Qxc3 c5 10.Rd1 d6 11.b3 Nd7 12.Bb2 Bf6 13.Qc2 Qc7 14.Rac1 Rac8 15.e4 cxd4
16.Bxd4 Bxd4 17.Rxd4 Nf6 18.Ne1 Rfd8  1/2-1/2

[Event "Maroczy mem"]
[Site "Szeged"]
[Date "1997.11.18"]
[Round "5"]
[White "Ribli, Zoltan"]
[Black "Lalic, Bogdan"]
[Result "1/2-1/2"]
[WhiteElo "2570"]
[BlackElo "2600"]

1.Nf3 Nf6 2.c4 g6 3.g3 Bg7 4.Bg2 O-O 5.d4 d6 6.O-O Nc6 7.Nc3 Rb8 8.Re1 a6
9.Rb1 Re8 10.d5 Na5 11.Nd2 c5 12.b3 b5 13.Bb2 e5 14.dxe6 Bxe6 15.cxb5 axb5
16.Nde4 b4 17.Nxf6+ Bxf6 18.Ne4 Be7 19.Nd2 d5 20.e4 d4 21.e5 Qc7  1/2-1/2

[Event "Maroczy mem"]
[Site "Szeged"]
[Date "1997.11.20"]
[Round "7"]
[White "Atalik, Suat"]
[Black "Ribli, Zoltan"]
[Result "1/2-1/2"]
[WhiteElo "2590"]
[BlackElo "2570"]

1.d4 Nf6 2.c4 e6 3.Nc3 Bb4 4.Qc2 O-O 5.a3 Bxc3+ 6.Qxc3 b6 7.Bg5 Bb7 8.f3 h6
9.Bh4 d5 10.e3 Nbd7 11.cxd5 Nxd5 12.Bxd8 Nxc3 13.Bxc7 Nd5 14.Bd6 Nxe3 15.Kf2 Nc2
16.Rd1 Rfc8 17.Bb5 Nf6 18.Ne2 a6 19.Bd3 Nd5 20.Rc1 Nce3 21.Bf4 Nf5 22.Bxf5 exf5
23.Bd2 Rxc1 24.Rxc1 Rc8 25.h4 Rxc1 26.Bxc1 Bc6 27.Kg3 f6 28.h5 Kf7 29.Nf4 Nxf4
30.Bxf4 Ke6 31.Bc7 b5 32.Bb6 Be8 33.Kh4 Bc6 34.Bc5 a5 35.Bb6 a4 36.Bc5 Be8
37.d5+ Kxd5 38.Bf8 g5+ 39.hxg6 Bxg6 40.Bxh6  1/2-1/2

[Event "Maroczy mem"]
[Site "Szeged"]
[Date "1997.11.21"]
[Round "8"]
[White "Ribli, Zoltan"]
[Black "Ivanisevic, Ivan"]
[Result "1-0"]
[WhiteElo "2570"]
[BlackElo "2540"]

1.Nf3 c5 2.c4 Nc6 3.Nc3 Nd4 4.g3 Nxf3+ 5.exf3 e6 6.d4 cxd4 7.Qxd4 b6 8.Bg2 Bb7
9.O-O Nf6 10.Ne4 Nxe4 11.fxe4 f6 12.Qd1 Bc5 13.Qh5+ g6 14.Qh6 Kf7 15.Rd1 Bc6
16.b3 Qf8 17.Qd2 Qe7 18.e5 fxe5 19.Bb2 Rad8 20.Qe2 Bxg2 21.Qxe5 Rhf8 22.Kxg2 Ke8
23.f3 Qf7 24.Rd3 Qf5 25.Qe2 g5 26.g4 Qg6 27.Rad1 Rf7 28.h3 h6 29.Qe5 Bf8
30.Qc7 h5 31.Qxa7 hxg4 32.hxg4 Bc5 33.Qc7 d6 34.Qc6+ Ke7 35.Be5 Rh7 36.b4 Qh6
37.bxc5 Qh3+ 38.Kf2 dxe5 39.Qc7+ Kf6 40.Qxd8+ Kg6 41.Qg8+ Kf6 42.Ke3 Qh2
43.Qf8+ Rf7 44.Qd8+ Kg6 45.Qg8+ Kf6 46.R3d2 Qf4+ 47.Ke2 e4 48.Rf1 e3 49.Qh8+ Kg6
50.Rd4  1-0

[Event "AUT-chT9697"]
[Site "Austria"]
[Date "1997.??.??"]
[Round "7"]
[White "Ribli, Zoltan"]
[Black "Hoelzl, Franz"]
[Result "1-0"]
[WhiteElo "2585"]
[BlackElo "2415"]

1.c4 Nf6 2.Nc3 e6 3.e4 e5 4.Nf3 Nc6 5.Be2 Bb4 6.d3 Bxc3+ 7.bxc3 d6 8.O-O O-O
9.Ne1 Ne8 10.Rb1 Rb8 11.f4 exf4 12.Bxf4 f5 13.exf5 Bxf5 14.Nc2 Bd7 15.Qd2 Ne5
16.Bxe5 Rxf1+ 17.Rxf1 dxe5 18.Qe3 Nf6 19.Qxe5 Qe8 20.Qxe8+ Rxe8 21.Bf3 Ba4
22.Nb4 c6 23.d4 Re3 24.Rc1 Ne4 25.Bxe4 Rxe4 26.Kf2 c5 27.Nd3 b6 28.Re1 Rh4
29.Kg3 g5 30.Re5 h6 31.Rd5 Re4 32.Kf3 Rh4 33.Ne5 cxd4 34.Rxd4 Rxh2 35.c5 Bb5
36.c6  1-0

[Event "AUT-chT9697"]
[Site "Austria"]
[Date "1997.??.??"]
[Round "8"]
[White "Blatny, Pavel"]
[Black "Ribli, Zoltan"]
[Result "1/2-1/2"]
[WhiteElo "2540"]
[BlackElo "2585"]

1.d4 d5 2.c4 c6 3.cxd5 cxd5 4.Nc3 Nf6 5.Nf3 Nc6 6.Bf4 a6 7.e3 Bg4 8.Be2 e6
9.Ne5 Bxe2 10.Qxe2 Rc8 11.O-O Be7 12.Rac1  1/2-1/2

[Event "AUT-chT9697"]
[Site "Austria"]
[Date "1997.??.??"]
[Round "9"]
[White "Ribli, Zoltan"]
[Black "Atlas, Valeri"]
[Result "1-0"]
[WhiteElo "2585"]
[BlackElo "2470"]

1.g3 e6 2.Bg2 c5 3.c4 Nf6 4.Nf3 Qc7 5.O-O b6 6.d4 Bb7 7.Bf4 d6 8.Nc3 a6 9.d5 e5
10.Bd2 g6 11.e4 Nbd7 12.Ne1 Bg7 13.Nd3 O-O 14.a4 Rae8 15.a5 h6 16.Qa4 Re7
17.Rfc1 Nh7 18.b4 cxb4 19.axb6 Qxb6 20.Qxb4 Qxb4 21.Nxb4 Nc5 22.Rcb1 Rc7
23.Be3 Nf6 24.Bxc5 Rxc5 25.Bf1 Ra8 26.Na4 Rc7 27.Nb6 Ra7 28.f3 h5 29.Ra2 Bh6
30.Kf2 Nd7 31.Nxd7 Rxd7 32.c5 dxc5 33.Nd3 Bg7 34.Bh3 Rd8 35.Nxc5 Ba8 36.Nd3 a5
37.Rba1 f5 38.Rxa5 Rxa5 39.Rxa5 fxe4 40.fxe4 Rf8+ 41.Ke2 Rb8 42.Ra7 Kh7 43.Bd7 Bxd5
44.exd5 e4 45.Nf4 Bd4 46.Ra4 Rb2+ 47.Kd1 Be3 48.Rxe4 Rd2+ 49.Ke1 Bxf4 50.Rxf4 Rxd5
51.Bc6 Re5+ 52.Re4 Rc5 53.Re7+ Kh6 54.Be4 Kg5 55.Re6 Kg4 56.Rxg6+ Kh3 57.Kf2 Kxh2
58.Rh6 Rg5 59.Bg2 Ra5 60.Bf3  1-0